Early childhood care and education (Major13)/ (Record no. 12359)

MARC details
000 -LEADER
fixed length control field 00661nam a22002297a 4500
005 - DATE AND TIME OF LATEST TRANSACTION
control field 20260401102814.0
008 - FIXED-LENGTH DATA ELEMENTS--GENERAL INFORMATION
fixed length control field 260401b |||||||| |||| 00| 0 eng d
020 ## - INTERNATIONAL STANDARD BOOK NUMBER
International Standard Book Number 9789358492491
040 ## - CATALOGING SOURCE
Original cataloging agency IN-DiNC
Transcribing agency IN-DiNC
041 ## - LANGUAGE CODE
Language code of sung or spoken text English
082 ## - DEWEY DECIMAL CLASSIFICATION NUMBER
Classification number 372.21
Item number EAR
245 ## - TITLE STATEMENT
Title Early childhood care and education (Major13)/
Statement of responsibility, etc. by Nabanita Deka and others
250 ## - EDITION STATEMENT
Edition statement 1st ed.
260 ## - PUBLICATION, DISTRIBUTION, ETC.
Place of publication, distribution, etc. Dibrugarh:
Name of publisher, distributor, etc. Banalata,
Date of publication, distribution, etc. 2026.
300 ## - PHYSICAL DESCRIPTION
Extent 342p.
650 ## - SUBJECT ADDED ENTRY--TOPICAL TERM
Topical term or geographic name entry element Childhood care and education
700 ## - ADDED ENTRY--PERSONAL NAME
Personal name Deka, Nabanita
Relator term Author
700 ## - ADDED ENTRY--PERSONAL NAME
Personal name Konwar, Subhalakhi
Relator term Author
700 ## - ADDED ENTRY--PERSONAL NAME
Personal name Handique, Papori
Relator term Author
700 ## - ADDED ENTRY--PERSONAL NAME
Personal name Saikia, jutika
Relator term Author
942 ## - ADDED ENTRY ELEMENTS (KOHA)
Source of classification or shelving scheme Dewey Decimal Classification
Koha item type Books
Holdings
Withdrawn status Lost status Source of classification or shelving scheme Damaged status Not for loan Collection code Home library Current library Shelving location Date acquired Cost, normal purchase price Total Checkouts Full call number Barcode Date due Date last seen Date last checked out Copy number Price effective from Koha item type
    Dewey Decimal Classification     Education Central Library, Naharkatiya College Central Library, Naharkatiya College General Stacks 01/04/2026 380.00 1 372.21 EAR 31337 30/04/2026 07/04/2026 07/04/2026 1 01/04/2026 Books
    Dewey Decimal Classification     Education Central Library, Naharkatiya College Central Library, Naharkatiya College General Stacks 01/04/2026 380.00 1 372.21 EAR 31338 29/04/2026 06/04/2026 06/04/2026 2 01/04/2026 Books
    Dewey Decimal Classification     Education Central Library, Naharkatiya College Central Library, Naharkatiya College General Stacks 01/04/2026 380.00 1 372.21 EAR 31339 29/04/2026 06/04/2026 06/04/2026 3 01/04/2026 Books

Naharkatiya College © 2020. All rights reserved.

Powered By